Open Source Systems : (Record no. 64536)

MARC details
000 -LEADER
fixed length control field 01217nam a2200301Ii 4500
008 - FIXED-LENGTH DATA ELEMENTS--GENERAL INFORMATION
fixed length control field 221202s xx 000 0 und d
245 #0 - TITLE STATEMENT
Title Open Source Systems :
Remainder of title Towards Robust Practices 13th IFIP WG 2.13 International Conference, OSS 2017, Buenos Aires, Argentina, May 22-23, 2017, Proceedings
264 #1 - PRODUCTION, PUBLICATION, DISTRIBUTION, MANUFACTURE, AND COPYRIGHT NOTICE
Place of production, publication, distribution, manufacture Cham
Name of producer, publisher, distributor, manufacturer Springer Nature
Date of production, publication, distribution, manufacture, or copyright notice 2017
300 ## - PHYSICAL DESCRIPTION
Extent 1 online resource
336 ## - CONTENT TYPE
Content type term text
Content type code txt
Source rdacontent
337 ## - MEDIA TYPE
Media type term computer
Media type code c
Source rdamedia
338 ## - CARRIER TYPE
Carrier type term online resource
Carrier type code cr
Source rdacarrier
490 ## - SERIES STATEMENT
Series statement IFIP Advances in Information and Communication Technology
520 ## - SUMMARY, ETC.
Summary, etc. collaboration; information systems; Linux; open access; open source software
653 ## - INDEX TERM--UNCONTROLLED
Uncontrolled term Collaboration
653 ## - INDEX TERM--UNCONTROLLED
Uncontrolled term Information Systems
653 ## - INDEX TERM--UNCONTROLLED
Uncontrolled term Linux
653 ## - INDEX TERM--UNCONTROLLED
Uncontrolled term Open Access
653 ## - INDEX TERM--UNCONTROLLED
Uncontrolled term Open Source Software
700 1# - ADDED ENTRY--PERSONAL NAME
Personal name Balaguer, Federico
700 1# - ADDED ENTRY--PERSONAL NAME
Personal name Di Cosmo, Roberto
700 1# - ADDED ENTRY--PERSONAL NAME
Personal name Garrido, Alejandra
700 1# - ADDED ENTRY--PERSONAL NAME
Personal name Kon, Fabio
700 1# - ADDED ENTRY--PERSONAL NAME
Personal name Robles, Gregorio
700 1# - ADDED ENTRY--PERSONAL NAME
Personal name Zacchiroli, Stefano
856 ## - ELECTRONIC LOCATION AND ACCESS
Uniform Resource Identifier <a href="https://library.oapen.org/bitstream/20.500.12657/27754/1/1002251.pdfhttps://link.springer.com/book/10.1007/978-3-319-57735-7http://library.oapen.org/handle/20.500.12657/27754">https://library.oapen.org/bitstream/20.500.12657/27754/1/1002251.pdfhttps://link.springer.com/book/10.1007/978-3-319-57735-7http://library.oapen.org/handle/20.500.12657/27754</a>
942 ## - ADDED ENTRY ELEMENTS (KOHA)
Koha item type E-Book
Holdings
Withdrawn status Damaged status Not for loan Home library Current library Date acquired Total Checkouts Date last seen Price effective from Koha item type
      Directory of Open Access Books Directory of Open Access Books 11/28/2022   11/28/2022 11/28/2022 E-Book

University of Rizal System
Email us at univlibservices@urs.edu.ph

Visit our Website www.urs.edu.ph/library